Primadonna - Marina and the Diamonds (All Lyrics) - Statistics

General Stats
  • This quiz has been taken 55 times
  • The average score is 294 of 336
Answer Stats
Lyrics % Correct
a
100%
All
100%
all
100%
ever
100%
for
100%
girl,
100%
girl
100%
I
100%
me
100%
me?
100%
on
100%
Primadonna
100%
primadonna
100%
that
100%
the
100%
The
100%
want
100%
wanted
100%
was
100%
When
100%
world
100%
You
100%
you
100%
and
98%
And
98%
big
98%
Buy
98%
do
98%
it
98%
ring
98%
someone
98%
yeah
98%
anything
95%
Anything
95%
diamond
95%
down
95%
down,
95%
else's
95%
fall
95%
fault
95%
I'm
95%
it's
95%
rise
95%
always
93%
knees
93%
life,
93%
life
93%
your
93%
be
90%
But
90%
can
90%
need
90%
say
90%
Would
90%
around
88%
baby
88%
difficult
88%
don't
88%
get
88%
Get
88%
know
88%
my
88%
now,
88%
Pop
88%
really
88%
can't
85%
finger,
85%
finger
85%
Got
85%
got
85%
pretty
85%
question
85%
why
85%
deal,
83%
ego
83%
in
83%
In
83%
kinda
83%
right
83%
such
83%
to
83%
wrapped
83%
like
80%
Living
80%
babe
78%
count
78%
'Cause
76%
'cause
76%
dream
76%
help
76%
misbehave
76%
though
76%
I've
73%
queen
73%
Beauty
71%
crown,
71%
crown
71%
silver
71%
up
68%
up,
68%
Not
66%
ask
63%
Going
61%
going
61%
of
61%
what
61%
more,
56%
more
56%
screen
56%
wanna
54%
with
54%
is
51%
stay
51%
because
49%
boys
49%
deserving
49%
Take
49%
chore,
46%
chore
46%
Every
46%
play
46%
lights
44%
picture,
44%
adored
41%
core,
39%
core
39%
day
39%
sad
39%
void
39%
limelight
34%
Fill
32%
celluloid
29%
spin
29%
give,
20%
dimming
10%
No matching quizzes found
Score Distribution
Percent of People with Each Score
Percentile by Number Answered
Your Score History
You have not taken this quiz